Statistics for Portugal National Football Team

Click here to take the quiz!

General Stats

  • This quiz has been taken 998 times
    (956 since last reset)
  • The average score is 8 of 17

Answer Stats

GoalsCapsPlayer% Correct
128205Cristiano Ronaldo
100%
4164Eusébio
83%
8134Pepe
82%
32127Luís Figo
79%
24112Nani
63%
0107Rui Patrício
62%
2694Rui Costa
54%
589Ricardo Carvalho
48%
7146João Moutinho
43%
4788Pauleta
43%
2979Nuno Gomes
28%
2771Hélder Postiga
21%
1196Bruno Alves
19%
2285Simão
14%
8110Fernando Couto
13%
2381João Vieira Pinto
11%
2266Nené
7%

Score Distribution

Percentile by Number Answered

Percent of People with Each Score

Your Score History

You have not taken this quiz since the last reset